A structure plan for the southern IJsselmeerpolders.

Saved in:
Bibliographic Details
Corporate Author: Netherlands. Rijkswaterstaat
Format: Book
Language:English
Published: [Den Haag] 1964.
Series:Rijkswaterstaat communications ; no. 6
Subjects:
LEADER 00918nam a2200229 4500
001 c000377356
003 CARM
005 00000000000000.0
008 690912s1964 ne b 00000 eng
019 1 |a 759576  |5 LACONCORD2021 
035 |a (OCoLC)31143  |5 LACONCORD2021 
050 0 0 |a TC77  |b .A35 nr. 6  |a HT395.N42I35 
110 1 0 |a Netherlands.  |b Rijkswaterstaat. 
245 1 2 |a A structure plan for the southern IJsselmeerpolders. 
260 |a [Den Haag]  |c 1964. 
300 |a 32 p.  |b maps (part col., 1 fold. col. in pocket)  |c 24 cm. 
490 0 |a Rijkswaterstaat communications ;  |v no. 6 
650 0 |a Regional planning  |z Netherlands  |z IJsselmeerpolders. 
852 8 |b CARM  |h A1:AL23F0  |i C10546  |p 0460675  |f BK 
082 0 4 |a 623.8 s  |a 711/.3/094921 
999 f f |i 2f0f7363-ab06-5fbb-87c1-375adfda3c8e  |s 20408753-1a69-563d-af44-10e65855b4e7 
952 f f |p Can circulate  |a CAVAL  |b CAVAL  |c CAVAL  |d CARM 1 Store  |e C10546  |f A1:AL23F0  |h Other scheme  |i book  |m 0460675